[Event "ARG-ch sf 92nd"]
[Site "Buenos Aires"]
[Date "2017.07.15"]
[Round "7"]
[White "Lopez Rebert, Pablo"]
[Black "Zamani, Andres"]
[Result "1-0"]
[WhiteElo "1947"]
[BlackElo "2125"]
[PlyCount "30"]
[EventDate "2017.07.10"]
[EventType "swiss"]
[EventRounds "9"]
[EventCountry "ARG"]
[SourceTitle "EXT 2018"]
[Source "ChessBase"]
[SourceDate "2017.10.13"]
[SourceVersion "1"]
[SourceVersionDate "2017.10.13"]
[SourceQuality "1"]

1. e4 c5 2. Nf3 d6 3. d4 cxd4 4. Nxd4 Nf6 5. Nc3 g6 6. Be2 Bg7 7. Bg5 0-0 8. 0-0 Nc6 9. Nb3 Be6 10. f4 b5 11. Bf3 Rc8 12. Kh1 Bc4 13. Re1 Re8 14. Qd2 Nd7 15. a3 Bxb3 1-0

[Event "Villa Martelli ProAm op 23rd"]
[Site "Villa Martelli"]
[Date "2016.11.21"]
[Round "3"]
[White "Fabrega, Enrique"]
[Black "Lopez Rebert, Pablo"]
[Result "1-0"]
[WhiteElo "2168"]
[BlackElo "1926"]
[PlyCount "71"]
[EventDate "2016.11.20"]
[EventType "swiss"]
[EventRounds "9"]
[EventCountry "ARG"]
[SourceTitle "CBM 175 Extra"]
[Source "ChessBase"]
[SourceDate "2016.12.12"]
[SourceVersion "1"]
[SourceVersionDate "2016.12.12"]
[SourceQuality "1"]

1. d4 b5 2. Nf3 e6 3. e3 a6 4. a4 b4 5. a5 c5 6. dxc5 Bxc5 7. Nbd2 Nc6 8. Nb3 Ba7 9. Nfd4 Bb7 10. Nxc6 dxc6 11. Qg4 g6 12. Qxb4 Rb8 13. Qc3 Nf6 14. Bxa6 0-0 15. Bxb7 Rxb7 16. 0-0 Bb8 17. Ra4 Qd6 18. g3 e5 19. e4 Ba7 20. Be3 c5 21. Bxc5 Qd7 22. Bxf8 Qxa4 23. Qxe5 Qc6 24. Bh6 Bb8 25. Qd4 Ba7 26. Qd8+ Ne8 27. Qd5 Qc7 28. e5 Qe7 29. Rd1 Rc7 30. c3 Rb7 31. Rd2 Rb8 32. Nd4 Nc7 33. Qd6 Bc5 34. Qxe7 Bxe7 35. Nc6 Re8 36. Rd7 1-0

[Event "Buenos Aires La Porta Cup"]
[Site "Buenos Aires"]
[Date "2014.12.20"]
[Round "8"]
[White "Mackeprang, Luis"]
[Black "Lopez Rebert, Pablo"]
[Result "1-0"]
[WhiteElo "2152"]
[BlackElo "1920"]
[PlyCount "149"]
[EventDate "2014.12.13"]
[EventType "swiss"]
[EventRounds "9"]
[EventCountry "ARG"]
[SourceTitle "EXT 2016"]
[Source "ChessBase"]
[SourceDate "2015.10.08"]
[SourceVersion "1"]
[SourceVersionDate "2015.10.08"]
[SourceQuality "1"]

1. e4 e6 2. d4 d5 3. e5 c5 4. c3 Nc6 5. Nf3 Qb6 6. Bd3 Nh6 7. 0-0 Nf5 8. Bxf5 exf5 9. dxc5 Bxc5 10. b4 Be7 11. Qxd5 Be6 12. Qd3 0-0 13. Bf4 Rfd8 14. Qe2 Bf8 15. Nbd2 a5 16. a3 Ne7 17. Be3 Qc7 18. Rfc1 Nd5 19. Bd4 g6 20. Ng5 Bh6 21. Nxe6 fxe6 22. g3 Ne7 23. f4 Kh8 24. Nc4 Rg8 25. Nd6 Nc6 26. b5 Nb8 27. h4 Nd7 28. c4 b6 29. Qe3 Nc5 30. Bxc5 bxc5 31. b6 Qc6 32. Rd1 Rg7 33. Rab1 Rd7 34. Rb5 Rb8 35. b7 Bf8 36. Rdb1 Bxd6 37. exd6 Qxd6 38. Qe5+ Qxe5 39. fxe5 Kg7 40. a4 Kf7 41. Kf2 Ke7 42. Ke3 Kd8 43. Rb6 Kc7 44. R1b5 Re7 45. Kf4 h6 46. Rb3 Rd7 47. Rxe6 Rxb7 48. Rxb7+ Kxb7 49. Rxg6 Rd4+ 50. Kxf5 Rxc4 51. Rxh6 Rc1 52. Rd6 c4 53. Ke4 c3 54. Kd3 Kc7 55. Rd4 c2 56. Rc4+ Kd7 57. Rxc2 Rg1 58. Ke4 Rxg3 59. Rh2 Ke6 60. Kf4 Ra3 61. h5 Rxa4+ 62. Kg5 Ra1 63. h6 Rg1+ 64. Kh5 Kf7 65. e6+ Kg8 66. e7 Re1 67. Rg2+ Kh8 68. Rg7 a4 69. Rf7 Rh1+ 70. Kg6 Rg1+ 71. Kf6 Rf1+ 72. Ke6 Re1+ 73. Kd5 Rd1+ 74. Kc4 Rc1+ 75. Kd3 1-0

[Event "Villa Martelli op-A 21st"]
[Site "Villa Martelli"]
[Date "2014.11.11"]
[Round "5"]
[White "Lopez Rebert, Pablo"]
[Black "Anelli, Antonio"]
[Result "0-1"]
[WhiteElo "1947"]
[BlackElo "2124"]
[PlyCount "68"]
[EventDate "2014.11.07"]
[EventType "swiss"]
[EventRounds "9"]
[EventCountry "ARG"]
[SourceTitle "CBM 163 Extra"]
[Source "ChessBase"]
[SourceDate "2014.12.23"]
[SourceVersion "1"]
[SourceVersionDate "2014.12.23"]
[SourceQuality "1"]

1. d4 Nf6 2. c4 d6 3. Nc3 g6 4. e4 Bg7 5. f4 0-0 6. Nf3 c5 7. d5 e6 8. Be2 exd5 9. cxd5 Bg4 10. 0-0 Nbd7 11. h3 Bxf3 12. Bxf3 Ne8 13. Be3 Rb8 14. Qe2 Nc7 15. Rae1 Re8 16. a4 a6 17. Qf2 b5 18. axb5 Nxb5 19. Ra1 a5 20. Na4 f5 21. e5 dxe5 22. fxe5 Nxe5 23. Bxc5 Nd3 24. Bb6 Rxb6 25. Qd2 Nb4 26. Nxb6 Qxb6+ 27. Kh1 Nd6 28. Rad1 Nc4 29. Qf2 Qxf2 30. Rxf2 Nxb2 31. Rdf1 N2d3 32. Re2 Kf8 33. g4 f4 34. d6 g5 0-1

[Event "Buenos Aires op"]
[Site "Buenos Aires"]
[Date "2014.09.10"]
[Round "3.1"]
[White "Dolezal, Cristian"]
[Black "Lopez Rebert, Pablo"]
[Result "1-0"]
[WhiteElo "2396"]
[BlackElo "1972"]
[PlyCount "59"]
[EventDate "2014.09.03"]
[EventType "swiss"]
[EventRounds "9"]
[EventCountry "ARG"]
[SourceTitle "EXT 2024"]
[Source "ChessBase"]
[SourceDate "2023.10.10"]
[SourceVersion "1"]
[SourceVersionDate "2023.10.10"]
[SourceQuality "1"]

1. d4 b5 2. e4 Bb7 3. f3 a6 4. Be3 e6 5. Nd2 f5 6. exf5 exf5 7. Bd3 g6 8. Nh3 Qe7 9. Qe2 Bh6 10. Bxh6 Qxe2+ 11. Kxe2 Nxh6 12. a4 c6 13. Nb3 d6 14. Na5 Ra7 15. Kd2 Nf7 16. Rhe1+ Kd8 17. Nf4 Bc8 18. d5 Ne5 19. dxc6 Nxd3 20. cxd3 Re8 21. axb5 Rxe1 22. b6 Ree7 23. Nd5 Ra8 24. c7+ Ke8 25. Nxe7 Nd7 26. Re1 Kf8 27. b7 Bxb7 28. Nxb7 Nb6 29. Nxd6 Ra7 30. Nd5 1-0

[Event "Buenos Aires CC Argentino op"]
[Site "Buenos Aires"]
[Date "2014.04.30"]
[Round "2"]
[White "Dolezal, Cristian"]
[Black "Lopez Rebert, Pablo"]
[Result "1-0"]
[WhiteElo "2405"]
[BlackElo "1972"]
[PlyCount "59"]
[EventDate "2014.04.24"]
[EventType "swiss"]
[EventRounds "9"]
[EventCountry "ARG"]
[SourceTitle "EXT 2016"]
[Source "ChessBase"]
[SourceDate "2015.10.08"]
[SourceVersion "1"]
[SourceVersionDate "2015.10.08"]
[SourceQuality "1"]

1. e4 e6 2. Qe2 Be7 3. Nf3 d5 4. d3 dxe4 5. dxe4 Nc6 6. c3 e5 7. Qc2 Nf6 8. Bg5 Bg4 9. Nbd2 Qd6 10. Bb5 Qc5 11. Bxc6+ bxc6 12. 0-0 Nd7 13. Be3 Qd6 14. h3 Bh5 15. Rfe1 0-0 16. Rad1 Qe6 17. Qb3 Qxb3 18. Nxb3 Bd6 19. g4 Bg6 20. Nfd2 a5 21. Nc4 Bxe4 22. Nxd6 cxd6 23. Rxd6 Nf6 24. c4 Rfb8 25. Nc5 Rxb2 26. Rxf6 gxf6 27. Nxe4 Rxa2 28. Bh6 a4 29. Nxf6+ Kh8 30. Rxe5 1-0

[Event "Buenos Aires Duchamp Boca op 3rd"]
[Site "Buenos Aires"]
[Date "2013.06.23"]
[Round "3"]
[White "Lopez Rebert, Pablo"]
[Black "Gomez Camacho, Micaela"]
[Result "0-1"]
[WhiteElo "2029"]
[BlackElo "1777"]
[PlyCount "150"]
[EventDate "2013.06.20"]
[EventType "swiss"]
[EventRounds "9"]
[EventCountry "ARG"]
[SourceTitle "CBM 155 Extra"]
[Source "ChessBase"]
[SourceDate "2013.08.26"]
[SourceVersion "1"]
[SourceVersionDate "2013.08.26"]
[SourceQuality "1"]

1. e4 c5 2. c3 d5 3. exd5 Qxd5 4. d4 Nf6 5. Nf3 e6 6. Bd3 Nc6 7. 0-0 cxd4 8. cxd4 Be7 9. Nc3 Qd8 10. Bg5 0-0 11. Qd2 b6 12. Rad1 Bb7 13. Bb1 Nb4 14. Ne5 Nbd5 15. Qd3 g6 16. Qh3 Nh5 17. Bh6 Ndf4 18. Qe3 Bg5 19. Bxg5 Qxg5 20. Be4 Bxe4 21. Qxe4 Nf6 22. Qf3 Rac8 23. Rfe1 N6d5 24. Ne4 Qe7 25. g3 Nh3+ 26. Kh1 Ng5 27. Qg4 Nxe4 28. Qxe4 Rc7 29. Re2 Rfc8 30. Kg2 Nf6 31. Qf3 Nd5 32. h4 h5 33. Rde1 Kg7 34. Nxg6 Kxg6 35. Qxd5 exd5 36. Rxe7 Rc2 37. R1e2 Rxe2 38. Rxe2 Rc4 39. Rd2 a5 40. Kf3 b5 41. Kf4 f6 42. f3 a4 43. a3 Rc1 44. Rg2 Rc4 45. Ke3 b4 46. axb4 Rxb4 47. Rc2 Kf5 48. Kd3 Rb3+ 49. Ke2 Rb4 50. Rd2 Rb3 51. Kf2 Rb4 52. Kf1 Rb3 53. Kg2 Rb4 54. Kf2 Rb3 55. Ke2 Rb4 56. Kf2 Rb3 57. Kg2 Re3 58. Rc2 Rd3 59. Rc6 Rxd4 60. Kh3 Rd3 61. Rd6 Ke5 62. Ra6 Rxf3 63. Rxa4 Rb3 64. Kg2 Kf5 65. Ra5 Ke4 66. Ra6 d4 67. Rxf6 d3 68. Re6+ Kd5 69. Rh6 d2 70. Rh8 Rb6 71. Rxh5+ Ke4 72. Rh8 d1Q 73. Re8+ Kf5 74. Rf8+ Rf6 75. g4+ Qxg4+ 0-1

[Event "Paraguay Gran Prix U2300 05"]
[Site "Paraguay"]
[Date "2013.06.05"]
[Round "6.5"]
[White "Arraga, Gerardo"]
[Black "Lopez Rebert, Pablo"]
[Result "0-1"]
[WhiteElo "1959"]
[BlackElo "2050"]
[PlyCount "60"]
[EventDate "2013.05.22"]
[EventType "swiss"]
[EventRounds "9"]
[EventCountry "ARG"]
[SourceTitle "EXT 2024"]
[Source "ChessBase"]
[SourceDate "2023.10.10"]
[SourceVersion "1"]
[SourceVersionDate "2023.10.10"]
[SourceQuality "1"]

1. c4 e5 2. Nf3 Nc6 3. Nc3 Nf6 4. g3 d5 5. cxd5 Nxd5 6. d3 f6 7. Bg2 Be6 8. 0-0 Qd7 9. Re1 Bc5 10. a3 0-0-0 11. Qc2 Bb6 12. Na4 g5 13. Nc5 Bxc5 14. Qxc5 g4 15. Nd2 h5 16. b4 Kb8 17. Bb2 h4 18. e3 hxg3 19. hxg3 Rh5 20. Rac1 Rdh8 21. b5 Qh7 22. f4 Rh1+ 23. Kf2 Qxd3 24. Bxh1 Rh2+ 25. Bg2 Qxd2+ 26. Re2 Rxg2+ 27. Kxg2 Qxe2+ 28. Kg1 Nxe3 29. Rc2 Qf1+ 30. Kh2 Qh3+ 0-1

[Event "ARG-ch 87th"]
[Site "Villa Martelli"]
[Date "2013.04.11"]
[Round "9"]
[White "Lopez Rebert, Pablo"]
[Black "Galleto, Ricardo"]
[Result "0-1"]
[WhiteElo "2049"]
[BlackElo "2014"]
[PlyCount "36"]
[EventDate "2013.04.03"]
[EventType "swiss"]
[EventRounds "11"]
[EventCountry "ARG"]
[SourceTitle "CBM 153 Extra"]
[Source "ChessBase"]
[SourceDate "2013.04.22"]
[SourceVersion "1"]
[SourceVersionDate "2013.04.22"]
[SourceQuality "1"]

1. e4 e5 2. f4 d5 3. exd5 e4 4. d3 Nf6 5. c4 Bf5 6. d4 Bb4+ 7. Nc3 0-0 8. a3 Bxc3+ 9. bxc3 b5 10. cxb5 Nxd5 11. c4 Nf6 12. Be2 a6 13. a4 axb5 14. Ba3 Re8 15. axb5 c6 16. bxc6 Nxc6 17. d5 Na5 18. Bb2 Qd6 0-1

[Event "ARG-ch 87th"]
[Site "Villa Martelli"]
[Date "2013.04.09"]
[Round "7"]
[White "Lopez Rebert, Pablo"]
[Black "Tomas Falcon, Jesus"]
[Result "1-0"]
[WhiteElo "2049"]
[BlackElo "1896"]
[PlyCount "93"]
[EventDate "2013.04.03"]
[EventType "swiss"]
[EventRounds "11"]
[EventCountry "ARG"]
[SourceTitle "CBM 153 Extra"]
[Source "ChessBase"]
[SourceDate "2013.04.22"]
[SourceVersion "1"]
[SourceVersionDate "2013.04.22"]
[SourceQuality "1"]

1. e4 c5 2. c3 d5 3. exd5 Qxd5 4. d4 Nf6 5. Nf3 Bg4 6. Be2 Nc6 7. Be3 cxd4 8. cxd4 e6 9. 0-0 Be7 10. Nc3 Qd7 11. Qb3 0-0 12. Ne5 Nxe5 13. dxe5 Bxe2 14. exf6 Bxf1 15. fxe7 Qxe7 16. Kxf1 Rfd8 17. Rd1 Rxd1+ 18. Qxd1 b6 19. Qd4 Rd8 20. Qc4 Qd7 21. a4 h6 22. Ke2 e5 23. Qe4 Qe6 24. f4 Qg4+ 25. Qf3 Qf5 26. Qe4 Qxe4 27. Nxe4 exf4 28. Bf2 Rd5 29. Nc3 Rh5 30. h3 Re5+ 31. Kf3 g5 32. Nb5 a6 33. Nc7 b5 34. a5 f5 35. Nxa6 h5 36. Nc5 b4 37. a6 Re7 38. Nb7 Re4 39. Bb6 Rc4 40. a7 g4+ 41. Ke2 Rc8 42. Bc7 Ra8 43. Bb8 Kf7 44. h4 Ke7 45. Nd6 f3+ 46. gxf3 Rxa7 47. Nc8+ 1-0

[Event "ARG-ch 87th"]
[Site "Villa Martelli"]
[Date "2013.04.07"]
[Round "5"]
[White "Lorenzini, Martin"]
[Black "Lopez Rebert, Pablo"]
[Result "1-0"]
[WhiteElo "2488"]
[BlackElo "2049"]
[PlyCount "45"]
[EventDate "2013.04.03"]
[EventType "swiss"]
[EventRounds "11"]
[EventCountry "ARG"]
[SourceTitle "CBM 153 Extra"]
[Source "ChessBase"]
[SourceDate "2013.04.22"]
[SourceVersion "1"]
[SourceVersionDate "2013.04.22"]
[SourceQuality "1"]

1. e4 e6 2. d4 d5 3. Nd2 dxe4 4. Nxe4 Nd7 5. Nf3 Ngf6 6. Nxf6+ Nxf6 7. c3 c5 8. Ne5 cxd4 9. Bb5+ Bd7 10. Nxd7 Nxd7 11. Qxd4 a6 12. Ba4 b5 13. Bc2 Qf6 14. Qe4 Qe5 15. 0-0 Bd6 16. Qxa8+ Ke7 17. Bf4 Qxf4 18. g3 Rxa8 19. gxf4 Bxf4 20. a4 Rb8 21. axb5 Rxb5 22. Rxa6 Rg5+ 23. Kh1 1-0

[Event "ARG-ch 87th"]
[Site "Villa Martelli"]
[Date "2013.04.05"]
[Round "3"]
[White "Malbran, Guillermo"]
[Black "Lopez Rebert, Pablo"]
[Result "1-0"]
[WhiteElo "2198"]
[BlackElo "2049"]
[PlyCount "91"]
[EventDate "2013.04.03"]
[EventType "swiss"]
[EventRounds "11"]
[EventCountry "ARG"]
[SourceTitle "CBM 153 Extra"]
[Source "ChessBase"]
[SourceDate "2013.04.22"]
[SourceVersion "1"]
[SourceVersionDate "2013.04.22"]
[SourceQuality "1"]

1. e4 e6 2. Qe2 Be7 3. f4 c5 4. Nf3 Nc6 5. d3 Nf6 6. g3 d5 7. e5 Ng4 8. Bh3 Nh6 9. 0-0 Nf5 10. c3 Bd7 11. Na3 Qb6 12. Nc2 g6 13. Ne3 h5 14. Bxf5 gxf5 15. Ng2 d4 16. Ng5 Bd8 17. c4 Ne7 18. Bd2 Ng6 19. Nh4 Bxg5 20. fxg5 Qc7 21. Rfe1 Bc6 22. b4 b6 23. a4 Nxh4 24. gxh4 Bb7 25. Kf2 a5 26. bxa5 bxa5 27. Rg1 0-0-0 28. Rab1 Bc6 29. Qe1 Bb7 30. Bxa5 Qc6 31. Qd1 Rdg8 32. Rb6 Qc7 33. Qe2 f6 34. Rgb1 Bc6 35. Rb8+ Qxb8 36. Rxb8+ Kxb8 37. exf6 Rc8 38. Qe5+ Ka8 39. f7 Rb8 40. Bd2 Rhc8 41. Qxc5 e5 42. f8Q Rxf8 43. Qxc6+ Ka7 44. Bb4 Rxb4 45. Qc5+ Rb6 46. a5 1-0

[Event "Buenos Aires Duchamp Memorial op 4th"]
[Site "Buenos Aires"]
[Date "2012.10.29"]
[Round "7"]
[White "Lopez Rebert, Pablo"]
[Black "Flores, Nancy"]
[Result "0-1"]
[WhiteElo "2045"]
[BlackElo "1944"]
[PlyCount "106"]
[EventDate "2012.10.22"]
[EventType "swiss"]
[EventRounds "9"]
[EventCountry "ARG"]
[SourceTitle "EXT 2013"]
[Source "ChessBase"]
[SourceDate "2012.11.22"]
[SourceVersion "1"]
[SourceVersionDate "2012.11.22"]
[SourceQuality "1"]

1. e4 c5 2. Nf3 d6 3. c3 Nf6 4. Qc2 g6 5. d4 Bg7 6. dxc5 dxc5 7. Be3 Qc7 8. Na3 a6 9. Qc1 Nxe4 10. Bd3 Bf5 11. g4 Nxf2 12. Bxf5 Nxh1 13. Bd3 Qd7 14. Ke2 Ng3+ 15. hxg3 Qxg4 16. Bxc5 Nd7 17. Bf2 Ne5 18. Qf4 Qh5 19. Bd4 Nxd3 20. Kxd3 Bxd4 21. cxd4 0-0 22. Re1 e6 23. Re2 Rad8 24. Nc2 Qb5+ 25. Ke3 Qxb2 26. Kf2 Qb6 27. Qf6 Rd5 28. g4 Rb5 29. Ne3 Rb2 30. g5 Rxe2+ 31. Kxe2 Qb2+ 32. Kf1 Rc8 33. Ng4 Rc1+ 34. Ne1 Qb5+ 35. Kf2 Qf5+ 36. Qxf5 gxf5 37. Ne3 Ra1 38. d5 Rxa2+ 39. Kf3 Rd2 40. N1g2 exd5 41. Nxf5 a5 42. Nf4 a4 43. Nxd5 a3 44. Nf6+ Kh8 45. Nh6 a2 46. Ne4 a1Q 47. Nxd2 Qc3+ 48. Ke2 Qe5+ 49. Kd3 Kg7 50. Nf3 Qd5+ 51. Ke3 b5 52. Nd4 Qxg5+ 53. Ke4 Kxh6 0-1

[Event "Buenos Aires Duchamp Memorial op 4th"]
[Site "Buenos Aires"]
[Date "2012.10.23"]
[Round "2"]
[White "Abarca Gonzalez, Nicolas"]
[Black "Lopez Rebert, Pablo"]
[Result "0-1"]
[WhiteElo "2180"]
[BlackElo "2045"]
[PlyCount "62"]
[EventDate "2012.10.22"]
[EventType "swiss"]
[EventRounds "9"]
[EventCountry "ARG"]
[SourceTitle "EXT 2013"]
[Source "ChessBase"]
[SourceDate "2012.11.22"]
[SourceVersion "1"]
[SourceVersionDate "2012.11.22"]
[SourceQuality "1"]

1. e4 e6 2. Nf3 d5 3. exd5 exd5 4. c4 d4 5. d3 c5 6. Be2 Nf6 7. 0-0 Be7 8. Nbd2 0-0 9. b4 b6 10. bxc5 bxc5 11. Rb1 Nc6 12. Nb3 Bf5 13. Nh4 Be6 14. Ba3 Nd7 15. Nf3 Na5 16. Nfxd4 cxd4 17. Bxe7 Qxe7 18. Nxa5 Qa3 19. Nb3 Qd6 20. Qd2 Ne5 21. Rfe1 Rfd8 22. Qg5 f6 23. Qg3 Bf5 24. Bf3 Rab8 25. Bd5+ Kh8 26. Nxd4 Rxb1 27. Rxb1 Bxd3 28. Rb7 g5 29. Qh3 Rb8 30. Qe6 Rd8 31. f4 gxf4 0-1